[Event "GBR-ch82"]
[Site "Swansea"]
[Date "1995.08.02"]
[Round "3"]
[White "Sadler, Matthew D"]
[Black "Condie, Mark L"]
[Result "1-0"]
[WhiteElo "2575"]
[BlackElo "2450"]
[PlyCount "49"]
[EventDate "1995.07.31"]
[EventType "swiss"]
[EventRounds "11"]
[EventCountry "GBR"]
[SourceTitle "BritBase"]
[Source "John Saunders"]
[SourceDate "2023.06.01"]
[SourceVersion "1"]
[SourceVersionDate "2023.06.01"]
[SourceQuality "1"]

1. d4 d5 2. c4 Bf5 3. cxd5 Bxb1 4. Qa4+ c6 5. Rxb1 Qxd5 6. Nf3 Nf6 7. e3 Nbd7
8. b4 e5 9. dxe5 Nxe5 10. Nxe5 Qxe5 11. b5 Rd8 12. Be2 Bd6 13. bxc6 O-O 14.
cxb7 Bb8 15. Bb2 Qf5 16. O-O Ne4 17. Rbd1 Nd2 18. Rfe1 h5 19. Ba3 Ne4 20. Bf3
Ng5 21. Bxf8 Nxf3+ 22. gxf3 Qh3 23. Bd6 Rxd6 24. Qe8+ Kh7 25. Qxb8 1-0

[Event "GBR-ch82"]
[Site "Swansea"]
[Date "1995.08.02"]
[Round "3"]
[White "Thompson, Ian D"]
[Black "Mah, Karl"]
[Result "1-0"]
[WhiteElo "2310"]
[BlackElo "2200"]
[PlyCount "75"]
[EventDate "1995.07.31"]
[EventType "swiss"]
[EventRounds "11"]
[EventCountry "GBR"]
[SourceTitle "BritBase"]
[Source "John Saunders"]
[SourceDate "2023.06.01"]
[SourceVersion "1"]
[SourceVersionDate "2023.06.01"]
[SourceQuality "1"]

1. c4 g6 2. Nc3 Bg7 3. g3 Nf6 4. Bg2 O-O 5. e4 d6 6. Nge2 c5 7. O-O Nc6 8. d3
Rb8 9. h3 a6 10. a4 Ne8 11. Be3 Nc7 12. d4 cxd4 13. Nxd4 Ne6 14. Nde2 Nc5 15.
Rb1 Nb4 16. f4 b6 17. Nd4 Bb7 18. Nd5 Nxd5 19. exd5 Bxd4 20. Bxd4 Qd7 21. f5
Qxa4 22. b3 Qe8 23. f6 exf6 24. Rxf6 Nd7 25. Qd2 Qe7 26. Re1 Ne5 27. Ref1 Bc8
28. Qg5 Re8 29. h4 Rb7 30. h5 Kg7 31. Be4 h6 32. Rxf7+ Qxf7 33. Rxf7+ Kxf7 34.
Qxh6 gxh5 35. Qxd6 Rbe7 36. Bxe5 Kg8 37. Qg6+ Kf8 38. Bd6 1-0

[Event "GBR-ch82"]
[Site "Swansea"]
[Date "1995.08.02"]
[Round "3"]
[White "Van Zyil Smit, Konrad"]
[Black "Rudd, Jack"]
[Result "1/2-1/2"]
[WhiteElo "2100"]
[BlackElo "2230"]
[PlyCount "141"]
[EventDate "1995.07.31"]
[EventType "swiss"]
[EventRounds "11"]
[EventCountry "GBR"]
[SourceTitle "BritBase"]
[Source "John Saunders"]
[SourceDate "2023.06.01"]
[SourceVersion "1"]
[SourceVersionDate "2023.06.01"]
[SourceQuality "1"]

1. e4 c5 2. c3 Nf6 3. e5 Nd5 4. d4 Nc6 5. Nf3 cxd4 6. Bc4 Nb6 7. Bb3 d5 8. exd6
Qxd6 9. O-O d3 10. Na3 Bf5 11. Nb5 Qd7 12. Bf4 Rc8 13. Re1 e6 14. Nfd4 Nxd4 15.
Nxd4 Rc5 16. a4 Nc8 17. g4 Bg6 18. Nxe6 fxe6 19. Bxe6 Qd8 20. b4 Rxc3 21. Bxc8+
Be7 22. Bg5 Rc7 23. Rc1 O-O 24. Rxc7 Qxc7 25. Be6+ Kh8 26. Bxe7 Qxe7 27. Bf5
Qxb4 28. Re3 Bxf5 29. gxf5 h6 30. Rxd3 Rxf5 31. Rd8+ Kh7 32. Qc2 Qc5 33. Qxc5
Rxc5 34. Rd7 Ra5 35. Rxb7 Rxa4 36. f4 Kg6 37. f5+ Kxf5 38. Kf2 g5 39. Rh7 Kg6
40. Rc7 a5 41. Rc6+ Kh5 42. h3 Ra2+ 43. Kg3 Ra3+ 44. Kg2 a4 45. Ra6 Ra2+ 46.
Kg3 a3 47. Ra5 Ra1 48. Ra4 a2 49. Kh2 Kg6 50. Ra6+ Kf5 51. Ra4 h5 52. Kg2 Ke5
53. Ra8 Kd6 54. Rd8+ Kc6 55. Ra8 Kb6 56. Ra4 h4 57. Ra3 Kc5 58. Ra8 Kd4 59.
Rd8+ Ke5 60. Re8+ Kf6 61. Rf8+ Ke7 62. Ra8 Rd1 63. Rxa2 Kf6 64. Ra6+ Ke5 65.
Ra5+ Kf4 66. Ra4+ Ke3 67. Ra3+ Ke2 68. Ra2+ Rd2 69. Rxd2+ Kxd2 70. Kf2 Kd1 71.
Kf1 1/2-1/2

[Event "GBR-ch82"]
[Site "Swansea"]
[Date "1995.08.02"]
[Round "3"]
[White "Williams, Simon Kim"]
[Black "Gaughan, Richard J"]
[Result "1-0"]
[WhiteElo "2250"]
[BlackElo "2085"]
[PlyCount "91"]
[EventDate "1995.07.31"]
[EventType "swiss"]
[EventRounds "11"]
[EventCountry "GBR"]
[SourceTitle "BritBase"]
[Source "John Saunders"]
[SourceDate "2023.06.01"]
[SourceVersion "1"]
[SourceVersionDate "2023.06.01"]
[SourceQuality "1"]

1. c4 g6 2. Nc3 Bg7 3. g3 d6 4. Bg2 e5 5. e4 Be6 6. d3 c6 7. f4 Ne7 8. Nf3 h6
9. O-O O-O 10. Qe2 a5 11. Nh4 exf4 12. gxf4 f5 13. Bd2 Nd7 14. Rae1 Rf7 15. Kh1
Nf8 16. Nf3 Qc7 17. Nd1 fxe4 18. dxe4 b5 19. cxb5 cxb5 20. b3 a4 21. Qxb5 axb3
22. axb3 Rb8 23. Qa5 Qc2 24. b4 Nc6 25. Qa3 Ra7 26. Qe3 Ra2 27. Rf2 Qb3 28. f5
gxf5 29. exf5 Bf7 30. Qf4 Nxb4 31. Bxb4 Qxb4 32. Qg3 Rxf2 33. Nxf2 Nd7 34. Ne4
Kf8 35. Nxd6 Rb6 36. Nxf7 Kxf7 37. Rd1 Qb5 38. Bf1 Qc6 39. Bc4+ Kf8 40. Bd5 Qc3
41. Be6 Nf6 42. Rd8+ Ne8 43. Rd7 Qc1+ 44. Ne1 Qc6+ 45. Kg1 Qc5+ 46. Kg2 1-0

[Event "GBR-ch82"]
[Site "Swansea"]
[Date "1995.08.03"]
[Round "4"]
[White "Arkell, Keith C"]
[Black "Howell, James C"]
[Result "1/2-1/2"]
[WhiteElo "2505"]
[BlackElo "2525"]
[PlyCount "56"]
[EventDate "1995.07.31"]
[EventType "swiss"]
[EventRounds "11"]
[EventCountry "GBR"]
[SourceTitle "BritBase"]
[Source "John Saunders"]
[SourceDate "2023.06.01"]
[SourceVersion "1"]
[SourceVersionDate "2023.06.01"]
[SourceQuality "1"]

1. d4 Nf6 2. Nf3 g6 3. b4 Bg7 4. Bb2 O-O 5. Nbd2 d6 6. e3 Nbd7 7. Be2 e5 8.
dxe5 Ng4 9. h3 Ngxe5 10. Rb1 Nb6 11. O-O Na4 12. Bd4 Nxf3+ 13. Nxf3 Nc3 14.
Bxc3 Bxc3 15. Nd4 c5 16. Nb5 cxb4 17. Nxc3 bxc3 18. Qd4 Qa5 19. Bc4 Qe5 20.
Rfd1 Bf5 21. Qxd6 Qxd6 22. Rxd6 Bxc2 23. Rc1 Ba4 24. Rxc3 Rac8 25. Rdd3 Rxc4
26. Rxc4 Bb5 27. Rdc3 Bxc4 28. Rxc4 Rd8 1/2-1/2

[Event "GBR-ch82"]
[Site "Swansea"]
[Date "1995.08.03"]
[Round "4"]
[White "Buckley, Graeme N"]
[Black "Williams, Simon Kim"]
[Result "0-1"]
[WhiteElo "2355"]
[BlackElo "2250"]
[PlyCount "62"]
[EventDate "1995.07.31"]
[EventType "swiss"]
[EventRounds "11"]
[EventCountry "GBR"]
[SourceTitle "BritBase"]
[Source "John Saunders"]
[SourceDate "2023.06.01"]
[SourceVersion "1"]
[SourceVersionDate "2023.06.01"]
[SourceQuality "1"]

1. g3 f5 2. Bg2 Nf6 3. c4 e6 4. Nf3 d5 5. O-O c6 6. d3 Bd6 7. Nc3 O-O 8. e4
dxe4 9. dxe4 e5 10. exf5 Bxf5 11. c5 Bxc5 12. Qb3+ Kh8 13. Qxb7 Nbd7 14. Qxc6
Bd3 15. Rd1 e4 16. Bh3 Rc8 17. Qe6 Bc4 18. Rxd7 Nxd7 19. Qxd7 Bxf2+ 20. Kh1
exf3 21. Qxc8 Qxc8 22. Bxc8 Rxc8 23. Ne4 Bd4 24. Nd2 Bd5 25. h4 Re8 26. a4 Re1+
27. Kh2 f2 28. Kh3 h5 29. g4 Be3 30. Kg3 Rg1+ 31. Kh2 Bf4+ 0-1

[Event "GBR-ch82"]
[Site "Swansea"]
[Date "1995.08.03"]
[Round "4"]
[White "Condie, Mark L"]
[Black "Cobb, James E"]
[Result "1/2-1/2"]
[WhiteElo "2450"]
[BlackElo "2280"]
[PlyCount "82"]
[EventDate "1995.07.31"]
[EventType "swiss"]
[EventRounds "11"]
[EventCountry "GBR"]
[SourceTitle "BritBase"]
[Source "John Saunders"]
[SourceDate "2023.06.01"]
[SourceVersion "1"]
[SourceVersionDate "2023.06.01"]
[SourceQuality "1"]

1. d4 e6 2. e4 d5 3. Nc3 Bb4 4. e5 c5 5. Bd2 Ne7 6. Nb5 Bxd2+ 7. Qxd2 O-O 8. f4
cxd4 9. Nf3 Nbc6 10. Bd3 f6 11. O-O Bd7 12. Rae1 Qb6 13. exf6 Rxf6 14. Kh1 g6
15. c3 dxc3 16. bxc3 Raf8 17. g3 Nf5 18. Bxf5 Qxb5 19. Bh3 Qc5 20. Ng5 Qe7 21.
Rf2 h6 22. Nf3 Qf7 23. Bg4 Re8 24. Rfe2 g5 25. Ne5 Nxe5 26. Rxe5 Rf8 27. Rg1
Bc6 28. Qd4 Kh7 29. fxg5 Rf2 30. Rxe6 hxg5 31. h4 Qg7 32. Re5 Rd2 33. Qxd2 Qxe5
34. Re1 d4+ 35. Kh2 Qf6 36. Qd3+ Kh8 37. Re2 gxh4 38. Qxd4 Qxd4 39. cxd4 Rg8
40. Kh3 hxg3 41. Kxg3 Rd8 1/2-1/2

[Event "GBR-ch82"]
[Site "Swansea"]
[Date "1995.08.03"]
[Round "4"]
[White "Cooper, Lawrence"]
[Black "Jackson, Oliver"]
[Result "1/2-1/2"]
[WhiteElo "2315"]
[BlackElo "2200"]
[PlyCount "49"]
[EventDate "1995.07.31"]
[EventType "swiss"]
[EventRounds "11"]
[EventCountry "GBR"]
[SourceTitle "BritBase"]
[Source "John Saunders"]
[SourceDate "2023.06.01"]
[SourceVersion "1"]
[SourceVersionDate "2023.06.01"]
[SourceQuality "1"]

1. d4 Nf6 2. Nf3 c5 3. d5 d6 4. Nc3 g6 5. e4 Bg7 6. Be2 O-O 7. O-O Na6 8. Nd2
Nc7 9. a4 b6 10. Nc4 Ba6 11. Bf4 Bxc4 12. Bxc4 a6 13. Re1 Qd7 14. Qd3 Nh5 15.
Bg5 h6 16. Be3 Kh7 17. Rf1 Rfb8 18. Qd2 b5 19. axb5 axb5 20. Rxa8 Rxa8 21. Be2
Nf6 22. e5 b4 23. exf6 bxc3 24. bxc3 exf6 25. c4 1/2-1/2

[Event "GBR-ch82"]
[Site "Swansea"]
[Date "1995.08.03"]
[Round "4"]
[White "Ferguson, Mark"]
[Black "Parker, Jonathan F"]
[Result "1/2-1/2"]
[WhiteElo "2360"]
[BlackElo "2415"]
[PlyCount "91"]
[EventDate "1995.07.31"]
[EventType "swiss"]
[EventRounds "11"]
[EventCountry "GBR"]
[SourceTitle "BritBase"]
[Source "John Saunders"]
[SourceDate "2023.06.01"]
[SourceVersion "1"]
[SourceVersionDate "2023.06.01"]
[SourceQuality "1"]

1. e4 e5 2. Nf3 Nc6 3. Nc3 Nf6 4. Bb5 Nd4 5. Ba4 c6 6. d3 b5 7. Bb3 Nxb3 8.
axb3 d6 9. O-O g6 10. h3 Bg7 11. Ne2 O-O 12. Be3 Qe7 13. Qd2 d5 14. Ng3 Re8 15.
Ra5 a6 16. Bg5 Qc7 17. Rfa1 dxe4 18. dxe4 Bb7 19. Ne1 c5 20. f3 Nd7 21. Rd1 Nf8
22. Raa1 Ne6 23. Be3 Rad8 24. Qf2 Rd6 25. Rxd6 Qxd6 26. Qd2 Qxd2 27. Bxd2 Nd4
28. Kf2 f5 29. Ra3 Rd8 30. Bg5 Rd7 31. exf5 gxf5 32. Nh5 Ne6 33. Nxg7 Kxg7 34.
Bh4 Nf4 35. Kf1 e4 36. fxe4 fxe4 37. Bg3 Ne6 38. Bf2 Rf7 39. Kg1 Rd7 40. Ra1
Kg6 41. Be3 Kf5 42. g4+ Ke5 43. c3 Nf4 44. Ng2 Nxg2 45. Kxg2 Rd3 46. Kf2
1/2-1/2

[Event "GBR-ch82"]
[Site "Swansea"]
[Date "1995.08.03"]
[Round "4"]
[White "Kelly, Brian R"]
[Black "Levitt, Jonathan P"]
[Result "1/2-1/2"]
[WhiteElo "2300"]
[BlackElo "2420"]
[PlyCount "83"]
[EventDate "1995.07.31"]
[EventType "swiss"]
[EventRounds "11"]
[EventCountry "GBR"]
[SourceTitle "BritBase"]
[Source "John Saunders"]
[SourceDate "2023.06.01"]
[SourceVersion "1"]
[SourceVersionDate "2023.06.01"]
[SourceQuality "1"]

1. c4 f5 2. Nf3 Nf6 3. g3 d6 4. d4 g6 5. Bg2 Bg7 6. O-O O-O 7. Nc3 c6 8. Qc2
Na6 9. Rd1 Qe8 10. d5 Bd7 11. Be3 c5 12. a3 h6 13. h4 Rd8 14. Rab1 e5 15. dxe6
Bxe6 16. Bf4 Bxc4 17. Bxd6 Qe6 18. Bxf8 Bb3 19. Qxb3 Qxb3 20. Rxd8 Bxf8 21. Ne5
Kg7 22. Ra8 c4 23. Rxa7 Nc5 24. Ra5 Nfe4 25. Rb5 Qc2 26. Bxe4 Nxe4 27. Rxb7+
Kg8 28. Nxg6 Bc5 29. Rd1 Bd6 30. Rd5 Qc1+ 31. Rd1 Qc2 32. Nf4 h5 33. Kh2 Kf8
34. Ra7 Nd2 35. Rd7 Bxf4 36. gxf4 Ne4 37. Rh7 Nd2 38. Kg2 Qxb2 39. Nb1 Qb6 40.
Kh1 Nxb1 41. Rdd7 Qf6 42. Rb7 1/2-1/2

[Event "GBR-ch82"]
[Site "Swansea"]
[Date "1995.08.03"]
[Round "4"]
[White "Ledger, Stephen C"]
[Black "Ledger, Andrew J"]
[Result "1/2-1/2"]
[WhiteElo "2260"]
[BlackElo "2410"]
[PlyCount "20"]
[EventDate "1995.07.31"]
[EventType "swiss"]
[EventRounds "11"]
[EventCountry "GBR"]
[SourceTitle "BritBase"]
[Source "John Saunders"]
[SourceDate "2023.06.01"]
[SourceVersion "1"]
[SourceVersionDate "2023.06.01"]
[SourceQuality "1"]

1. e4 e5 2. Nf3 Nc6 3. Bb5 a6 4. Bxc6 dxc6 5. O-O f6 6. d4 exd4 7. Nxd4 c5 8.
Nb3 Qxd1 9. Rxd1 Bg4 10. f3 Be6 1/2-1/2

[Event "GBR-ch82"]
[Site "Swansea"]
[Date "1995.08.03"]
[Round "4"]
[White "Martin, David"]
[Black "Barnes, Michael H"]
[Result "1/2-1/2"]
[WhiteElo "2180"]
[BlackElo "2295"]
[PlyCount "42"]
[EventDate "1995.07.31"]
[EventType "swiss"]
[EventRounds "11"]
[EventCountry "GBR"]
[SourceTitle "BritBase"]
[Source "John Saunders"]
[SourceDate "2023.06.01"]
[SourceVersion "1"]
[SourceVersionDate "2023.06.01"]
[SourceQuality "1"]

1. d4 Nf6 2. c4 g6 3. Nc3 Bg7 4. e4 d6 5. Be2 O-O 6. Nf3 e5 7. O-O Na6 8. Be3
Ng4 9. Bg5 f6 10. Bc1 c6 11. c5 exd4 12. Nxd4 dxc5 13. Qb3+ Kh8 14. Ne6 Bxe6
15. Qxe6 f5 16. exf5 Nc7 17. Qb3 Nxh2 18. Kxh2 Qh4+ 19. Kg1 Be5 20. g3 Bxg3 21.
fxg3 Qxg3+ 1/2-1/2

[Event "GBR-ch82"]
[Site "Swansea"]
[Date "1995.08.03"]
[Round "4"]
[White "Mason, Donald J"]
[Black "Binks, Michael"]
[Result "1-0"]
[WhiteElo "2295"]
[BlackElo "2110"]
[PlyCount "119"]
[EventDate "1995.07.31"]
[EventType "swiss"]
[EventRounds "11"]
[EventCountry "GBR"]
[SourceTitle "BritBase"]
[Source "John Saunders"]
[SourceDate "2023.06.01"]
[SourceVersion "1"]
[SourceVersionDate "2023.06.01"]
[SourceQuality "1"]

1. e4 e5 2. f4 d5 3. exd5 exf4 4. Nf3 Nf6 5. Bc4 Bd6 6. Qe2+ Qe7 7. Qxe7+ Kxe7
8. d4 Re8 9. O-O Bf5 10. Bb3 c6 11. Ne5 Nxd5 12. c4 Bxe5 13. dxe5 Nc7 14. Bxf4
Bg6 15. Nd2 Ne6 16. Bg3 Nd7 17. Nf3 Ndc5 18. Rad1 Bd3 19. Rf2 h6 20. Rfd2 Rad8
21. Ne1 Bh7 22. Rxd8 Rxd8 23. Rxd8 Kxd8 24. Bd1 Bb1 25. a3 Ne4 26. Bf2 Nxf2 27.
Kxf2 Ba2 28. Be2 Nf4 29. Bf1 Ng6 30. Nf3 Ke7 31. Ke3 c5 32. g3 Bb3 33. Bd3 Nf8
34. Nd2 Bd1 35. Ne4 b6 36. Nd6 Bg4 37. Bf5 Bd1 38. Nc8+ Kd8 39. Nxa7 Bb3 40.
Kd3 g6 41. Bh3 Ba2 42. Nc8 Kc7 43. Ne7 Bb1+ 44. Kc3 Be4 45. Nd5+ Kc6 46. Nf6
Bf3 47. Kd3 h5 48. Ke3 Bd1 49. Bg2+ Kc7 50. Nd5+ Kd7 51. Nxb6+ Ke6 52. Bd5+
Kxe5 53. Bxf7 Kd6 54. a4 Kc6 55. a5 Kb7 56. Ke4 Kc6 57. Ke5 Bc2 58. Bg8 g5 59.
Kf6 g4 60. Kg7 1-0

[Event "GBR-ch82"]
[Site "Swansea"]
[Date "1995.08.03"]
[Round "4"]
[White "Pert, Nicholas"]
[Black "Bates, Richard A"]
[Result "0-1"]
[WhiteElo "2160"]
[BlackElo "2345"]
[PlyCount "68"]
[EventDate "1995.07.31"]
[EventType "swiss"]
[EventRounds "11"]
[EventCountry "GBR"]
[SourceTitle "BritBase"]
[Source "John Saunders"]
[SourceDate "2023.06.01"]
[SourceVersion "1"]
[SourceVersionDate "2023.06.01"]
[SourceQuality "1"]

1. d4 Nf6 2. Nf3 g6 3. g3 Bg7 4. Bg2 O-O 5. O-O d6 6. c4 c6 7. Nc3 Qa5 8. e4 e5
9. h3 Nbd7 10. Be3 b5 11. cxb5 cxb5 12. a3 Bb7 13. b4 Qa6 14. d5 Rfc8 15. Qb3
Nb6 16. Nd2 Na4 17. Nxa4 bxa4 18. Qb2 Qb5 19. Rfc1 Nh5 20. Kh2 f5 21. Nc4 Qd7
22. Na5 Ba6 23. Rc3 Nf6 24. Rac1 Nxe4 25. Bxe4 fxe4 26. Nc6 Rf8 27. Qc2 Bd3 28.
Qxa4 Rf3 29. Kg2 Qf7 30. Rg1 Bh6 31. Ne7+ Kh8 32. Qd7 Bxe3 33. Nxg6+ Qxg6 34.
Re1 Rxf2+ 0-1

[Event "GBR-ch82"]
[Site "Swansea"]
[Date "1995.08.03"]
[Round "4"]
[White "Rudd, Jack"]
[Black "Sheldon, Ruth"]
[Result "1-0"]
[WhiteElo "2230"]
[BlackElo "2185"]
[PlyCount "38"]
[EventDate "1995.07.31"]
[EventType "swiss"]
[EventRounds "11"]
[EventCountry "GBR"]
[SourceTitle "BritBase"]
[Source "John Saunders"]
[SourceDate "2023.06.01"]
[SourceVersion "1"]
[SourceVersionDate "2023.06.01"]
[SourceQuality "1"]

1. d4 Nf6 2. Nf3 g6 3. Bg5 Bg7 4. Nbd2 O-O 5. e3 d6 6. Bd3 Qe8 7. c3 h6 8. Bxf6
Bxf6 9. Qb3 a5 10. O-O-O a4 11. Qc2 b5 12. a3 Bg7 13. h4 h5 14. Ng5 c5 15. dxc5
dxc5 16. Nde4 b4 17. Bc4 Ba6 18. Nd6 Bxc4 19. Nxe8 Rxe8 1-0

[Event "GBR-ch82"]
[Site "Swansea"]
[Date "1995.08.03"]
[Round "4"]
[White "Thompson, Ian D"]
[Black "Ward, Christopher G"]
[Result "0-1"]
[WhiteElo "2310"]
[BlackElo "2500"]
[PlyCount "84"]
[EventDate "1995.07.31"]
[EventType "swiss"]
[EventRounds "11"]
[EventCountry "GBR"]
[SourceTitle "BritBase"]
[Source "John Saunders"]
[SourceDate "2023.06.01"]
[SourceVersion "1"]
[SourceVersionDate "2023.06.01"]
[SourceQuality "1"]

1. c4 c5 2. Nc3 b6 3. Nf3 Bb7 4. e4 d6 5. d4 cxd4 6. Nxd4 Nf6 7. Bd3 g6 8. O-O
Bg7 9. b3 Nbd7 10. Bc2 O-O 11. Bb2 a6 12. Qe2 e6 13. Rad1 Qc7 14. Rfe1 Rad8 15.
Nf3 Rfe8 16. Bb1 Nc5 17. b4 Ncd7 18. a4 Rc8 19. Nd2 Ne5 20. Ba2 Nc6 21. b5 Nd4
22. Qd3 Nd7 23. Qb1 Nc5 24. Nf1 axb5 25. axb5 Ra8 26. Ne3 Qe7 27. Nc2 Nxc2 28.
Qxc2 Nxe4 29. Rxe4 Bxe4 30. Qxe4 Bxc3 31. Bxc3 Rxa2 32. Qd4 e5 33. Qxb6 Rc2 34.
Bb4 Rxc4 35. Bxd6 Qd8 36. Qxd8 Rxd8 37. f4 Rd4 38. Rxd4 exd4 39. Bb4 Rb8 40.
Bc5 d3 41. Kf2 Rxb5 42. Bd4 Rd5 0-1

[Event "GBR-ch82"]
[Site "Swansea"]
[Date "1995.08.03"]
[Round "4"]
[White "Turner, Matthew J"]
[Black "Coleman, David J"]
[Result "1-0"]
[WhiteElo "2400"]
[BlackElo "2255"]
[PlyCount "83"]
[EventDate "1995.07.31"]
[EventType "swiss"]
[EventRounds "11"]
[EventCountry "GBR"]
[SourceTitle "BritBase"]
[Source "John Saunders"]
[SourceDate "2023.06.01"]
[SourceVersion "1"]
[SourceVersionDate "2023.06.01"]
[SourceQuality "1"]

1. e4 c5 2. Nc3 Nc6 3. f4 g6 4. Nf3 Bg7 5. Bb5 Nd4 6. O-O Nxb5 7. Nxb5 d5 8. d3
Bd7 9. a4 a6 10. Nc3 Bxc3 11. bxc3 dxe4 12. dxe4 Bc6 13. e5 Qa5 14. Qe1 e6 15.
Be3 c4 16. Qb1 Ne7 17. Qb4 Qd5 18. Rfe1 Rd8 19. Bb6 Rd7 20. Re2 Nf5 21. Rae1 h6
22. Nd2 Qxd2 23. Rxd2 Rxd2 24. Bf2 g5 25. Qxc4 Rg8 26. fxg5 Rxg5 27. g3 Rg6 28.
Qf4 Rxc2 29. Rd1 h5 30. Qc4 Kf8 31. Qb3 Re2 32. Qb4+ Kg7 33. Rd8 Kh7 34. Qf8
Rg7 35. Qh8+ Kg6 36. Rg8 Re4 37. h3 Bxa4 38. g4 hxg4 39. h4 f6 40. h5+ Kf7 41.
Rf8+ Ke7 42. exf6+ 1-0

[Event "GBR-ch82"]
[Site "Swansea"]
[Date "1995.08.03"]
[Round "4"]
[White "Vigus, James E"]
[Black "Hague, Ben"]
[Result "1-0"]
[WhiteElo "2110"]
[BlackElo "2230"]
[PlyCount "87"]
[EventDate "1995.07.31"]
[EventType "swiss"]
[EventRounds "11"]
[EventCountry "GBR"]
[SourceTitle "BritBase"]
[Source "John Saunders"]
[SourceDate "2023.06.01"]
[SourceVersion "1"]
[SourceVersionDate "2023.06.01"]
[SourceQuality "1"]

1. c4 e5 2. Nc3 d6 3. Nf3 f5 4. d4 e4 5. Ng5 Be7 6. Nh3 c6 7. g3 Nf6 8. Bg2 O-O
9. O-O Na6 10. f3 d5 11. cxd5 cxd5 12. Bg5 Be6 13. Qb3 Qd7 14. Nf4 Bf7 15. e3
Nc7 16. Rac1 b5 17. a4 Rab8 18. a5 Rfd8 19. Bxf6 Bxf6 20. Qd1 g6 21. fxe4 dxe4
22. g4 Bc4 23. Rf2 Bh4 24. Rd2 Ne6 25. Nxe6 Qxe6 26. gxf5 gxf5 27. Qh5 Qf6 28.
Bh3 Bg5 29. Rg2 h6 30. Kh1 Kh8 31. Rcg1 Rg8 32. Rg3 Rbe8 33. Bf1 f4 34. exf4
Bxf4 35. Rg6 Rxg6 36. Rxg6 Qf7 37. Bxc4 Qxc4 38. Rxh6+ Bxh6 39. Qxe8+ Kg7 40.
Qe5+ Kf7 41. Qxb5 Qxd4 42. Qf5+ Kg7 43. Qxe4 Qf2 44. Qg2+ 1-0

[Event "GBR-ch82"]
[Site "Swansea"]
[Date "1995.08.03"]
[Round "4"]
[White "Yeo, Michael J"]
[Black "Menadue, Jeremy FS"]
[Result "1-0"]
[WhiteElo "2210"]
[BlackElo "2255"]
[PlyCount "87"]
[EventDate "1995.07.31"]
[EventType "swiss"]
[EventRounds "11"]
[EventCountry "GBR"]
[SourceTitle "BritBase"]
[Source "John Saunders"]
[SourceDate "2023.06.01"]
[SourceVersion "1"]
[SourceVersionDate "2023.06.01"]
[SourceQuality "1"]

1. e4 Nf6 2. Nc3 d5 3. e5 Ne4 4. Nce2 d4 5. c3 dxc3 6. bxc3 Bf5 7. d4 f6 8. f3
Ng5 9. Bxg5 fxg5 10. Qb3 Qc8 11. Ng3 Bd7 12. h4 gxh4 13. Rxh4 e6 14. Bd3 Be7
15. Bg6+ Kd8 16. Rxh7 Rxh7 17. Bxh7 c5 18. N1e2 Nc6 19. Be4 Na5 20. Qc2 cxd4
21. cxd4 Qxc2 22. Bxc2 Rc8 23. Bd3 Bh4 24. Kf2 g5 25. Ke3 Bxg3 26. Nxg3 Rc3 27.
Ne4 Ra3 28. Nxg5 Ke7 29. Nh3 Nc4+ 30. Ke2 Nb2 31. Be4 Bb5+ 32. Kf2 b6 33. Ng5
Bc4 34. Rh1 Rxa2 35. Rh7+ Ke8 36. Bc6+ Kf8 37. Rf7+ Kg8 38. Be4 Nd1+ 39. Kg1
Ne3 40. Bh7+ Kh8 41. Rf8+ Kg7 42. Rg8+ Kh6 43. g4 Ra1+ 44. Kf2 1-0

[Event "GBR-ch82"]
[Site "Swansea"]
[Date "1995.08.03"]
[Round "4"]
[White "Nelson, Jonathan P"]
[Black "Van Zyil Smit, Konrad"]
[Result "0-1"]
[WhiteElo "2255"]
[BlackElo "2100"]
[PlyCount "36"]
[EventDate "1995.07.31"]
[EventType "swiss"]
[EventRounds "11"]
[EventCountry "GBR"]
[SourceTitle "BritBase"]
[Source "John Saunders"]
[SourceDate "2023.06.01"]
[SourceVersion "1"]
[SourceVersionDate "2023.06.01"]
[SourceQuality "1"]

1. e4 e5 2. f4 Bc5 3. Nf3 d6 4. c3 Nf6 5. d4 exd4 6. cxd4 Bb6 7. Nc3 O-O 8. Bd3
Bg4 9. e5 Re8 10. Kf1 Nfd7 11. h3 Bxf3 12. Qxf3 Nc6 13. Nd5 Bxd4 14. Be4 dxe5
15. f5 Nb6 16. h4 Nxd5 17. Bxd5 e4 18. Qb3 Qd7 {Contributed by Andy Ansel, 1
August 2021} 0-1

[Event "GBR-ch82"]
[Site "Swansea"]
[Date "1995.08.04"]
[Round "5"]
[White "Arkell, Keith C"]
[Black "Lawton, Geoffrey W"]
[Result "1-0"]
[WhiteElo "2505"]
[BlackElo "2385"]
[PlyCount "89"]
[EventDate "1995.07.31"]
[EventType "swiss"]
[EventRounds "11"]
[EventCountry "GBR"]
[SourceTitle "BritBase"]
[Source "John Saunders"]
[SourceDate "2023.06.01"]
[SourceVersion "1"]
[SourceVersionDate "2023.06.01"]
[SourceQuality "1"]

1. d4 d5 2. c4 e6 3. Nf3 c6 4. Bg5 f6 5. Bf4 dxc4 6. a4 Bb4+ 7. Bd2 Bxd2+ 8.
Nbxd2 b5 9. e4 Bd7 10. Qc2 a5 11. b3 Ne7 12. bxc4 b4 13. c5 O-O 14. Nc4 Na6 15.
Be2 Nc7 16. O-O Ra7 17. Nfd2 Na8 18. Nb3 Kh8 19. Qd2 Be8 20. Rfb1 f5 21. f3 Bg6
22. Bd3 Ng8 23. Ne5 Qe8 24. Re1 Nc7 25. Qg5 Nh6 26. Nd2 Kg8 27. Qg3 Qa8 28.
Nxg6 hxg6 29. Qxg6 Qd8 30. Nb3 f4 31. Bc4 Kh8 32. Qh5 Rf7 33. Rad1 Qf8 34. Nc1
Kh7 35. Nd3 Ne8 36. Ne5 Rf6 37. Nxc6 Raf7 38. Nxa5 g6 39. Qh4 g5 40. Qxg5 Rg7
41. Qh4 Rfg6 42. Rd2 e5 43. Nb3 Kh8 44. dxe5 Rh7 45. Qd8 1-0

[Event "GBR-ch82"]
[Site "Swansea"]
[Date "1995.08.04"]
[Round "5"]
[White "Barnes, Michael H"]
[Black "McFarland, Robert S"]
[Result "1-0"]
[WhiteElo "2295"]
[BlackElo "2215"]
[PlyCount "67"]
[EventDate "1995.07.31"]
[EventType "swiss"]
[EventRounds "11"]
[EventCountry "GBR"]
[SourceTitle "BritBase"]
[Source "John Saunders"]
[SourceDate "2023.06.01"]
[SourceVersion "1"]
[SourceVersionDate "2023.06.01"]
[SourceQuality "1"]

1. e4 g6 2. d4 Bg7 3. f4 d5 4. e5 h5 5. Nf3 Nh6 6. Be3 c6 7. h3 Nf5 8. Bf2 Qb6
9. Qc1 Na6 10. c4 dxc4 11. Nc3 Nb4 12. Bxc4 Qd8 13. O-O O-O 14. Qd2 b6 15. Ne4
Nd5 16. Rac1 Bb7 17. Neg5 e6 18. g3 Qe7 19. Ne4 Rfd8 20. g4 Nh6 21. Bh4 Qf8 22.
Bxd8 Qxd8 23. Nd6 hxg4 24. Ng5 Qe7 25. hxg4 Nxg4 26. Bxd5 cxd5 27. Ndxf7 Ba6
28. Rf3 Rf8 29. Rg3 Nh6 30. Nxh6+ Bxh6 31. Rc6 Bxg5 32. Rxg5 Bb5 33. Qc2 Qf7
34. Rc7 1-0